| 000 | 00424cam a2200169ua 4500 | ||
|---|---|---|---|
| 020 | _c6.00 | ||
| 041 |
_amal _h |
||
| 082 |
_a894.8121 _bKUM/KU |
||
| 100 | _aKumaranasan, . | ||
| 245 |
_aKumaranasante padyakrithikal Part-3 / _cKumaranasan. _hTextual Documents |
||
| 260 |
_aThonnakkal : _bSarada Book Depot , _c1961. |
||
| 300 | _a596 ; . | ||
| 365 | _a6.00 | ||
| 504 | _a | ||
| 942 | _cBK | ||
| 999 |
_c5125 _d5125 |
||